• 首页
  • 本馆介绍
  • 公告通知
  • 最新文献
  • 馆藏检索
  • 电子资源
  • 读者导购
  • 参考咨询
  • 我的图书馆
  • 登录
  • 详细信息显示
  • 放入我的书架
  • 预约/预借图书
  • 作者相关作品
  • 分类相关作品
  • 丛书相关作品
  • 出版社相关作品

书目信息

  • 表格格式
  • 工作单格式
  • 卡片格式
题名:
古建筑木结构的损伤评估及加固性能
    
 
作者: 薛建阳 著
分册:  
出版信息: 北京   科学出版社  2021.2
页数: 370页
开本: 24cm
丛书名:
单 册:
中图分类: TU366.2 , TU746.3
科图分类:
主题词: 木结构--古建筑--修缮加固
电子资源:
ISBN: 978-7-03-068009-9
000 01162nam0 2200241 45
001 012001002048
005 20140913094727.0
010    @a978-7-03-068009-9@dCNY198.00
100    @a20210419d2021 em y0chiy50 ea
101 0  @achi
102    @aCN@b110000
105    @aa z 000yy
106    @ar
200 1  @a古建筑木结构的损伤评估及加固性能@Agu jian zhu mu jie gou de sun shang ping gu ji jia gu xing neng@b专著@f薛建阳等著
210    @a北京@c科学出版社@d2021.2
215    @a370页@c图@d24cm
330    @a本书共12章,主要内容包括绪论、单层式古建筑木结构动力分析模型、不同松动程度下古建筑透榫节点拟静力试验及分析、不同松动程度下古建筑透榫节点的有限元及参数分析、歪闪斗棋节点受力性能的有限元分析、古建筑木结构地震损伤识别研究、基于震损识别的古建筑木结构状态评估方法、基于结构潜能和能量耗散的古建筑木结构地震破坏评估、扁钢和碳纤维布加固古建筑木结构抗震性能研究、古建筑木结构加固残损节点的性能分析与设计方法,以及古建筑木结构斗棋修缮加固及自复位耗能增强研究。
606 0  @a木结构@x古建筑@x修缮加固
690    @aTU366.2@v5
690    @aTU746.3@v5
701  0 @a薛建阳@Axue jian yang@4著
801  0 @aCN@bBJSDL@c20211011
905    @b1338236-8@dTU366.2@e2002@f3
    
    古建筑木结构的损伤评估及加固性能/薛建阳等著.-北京:科学出版社,2021.2
    370页:图;24cm
    
    
    ISBN 978-7-03-068009-9:CNY198.00
    本书共12章,主要内容包括绪论、单层式古建筑木结构动力分析模型、不同松动程度下古建筑透榫节点拟静力试验及分析、不同松动程度下古建筑透榫节点的有限元及参数分析、歪闪斗棋节点受力性能的有限元分析、古建筑木结构地震损伤识别研究、基于震损识别的古建筑木结构状态评估方法、基于结构潜能和能量耗散的古建筑木结构地震破坏评估、扁钢和碳纤维布加固古建筑木结构抗震性能研究、古建筑木结构加固残损节点的性能分析与设计方法,以及古建筑木结构斗棋修缮加固及自复位耗能增强研究。
●
相关链接 在E读中查询图书 在五车中查询图书 在当当中查询图书 在豆瓣中查询图书


正题名:古建筑木结构的损伤评估及加固性能     索取号:TU366.2/2002         预约/预借

序号 登录号 条形码 馆藏地/架位号 状态 备注
1 1338236   213382365   第二样本阅览室/ [索取号:TU366.2/2002] 在馆    
2 1338237   213382374   第三借阅区/ [索取号:TU366.2/2002] 在馆    
3 1338238   213382383   第三借阅区/ [索取号:TU366.2/2002] 在馆    
唐山师范学院图书馆 欢迎您!
大连网信软件有限公司© 版权所有